| 000 | 00593nab#a2200205#c#4500 | ||
|---|---|---|---|
| 999 |
_c53391 _d53391 |
||
| 003 | IEF | ||
| 005 | 20191205183054.0 | ||
| 008 | 950704s1975 uuu|| #####0 b| |u | ||
| 040 |
_aIEF _cES-MaIEF |
||
| 100 | 1 |
_aCalvo Ortega, Rafael _98541 |
|
| 245 |
_aMedio siglo de hacienda municipal _bdel estatuto al proyecto de 1974 _cRafael Calvo Ortega |
||
| 260 | _c1975 | ||
| 650 | 4 |
_aHACIENDAS LOCALES _945217 |
|
| 650 | 4 |
_aESPAÑA _941092 |
|
| 650 | 4 |
_aHISTORIA _945399 |
|
| 773 | 0 |
_tHacienda Pública Española _w34570 _gn. 35, 1975;pags. 141-200 |
|
| 942 | _2udc | ||
| 942 | _2udc | ||